| 000 | 00524nam a22001937a 4500 | ||
|---|---|---|---|
| 003 | OSt | ||
| 005 | 20160304130608.0 | ||
| 008 | 160304b xxu||||| |||| 00| 0 eng d | ||
| 010 | _a2001033534 | ||
| 020 | _a0321081374 | ||
| 040 | _cN/A | ||
| 050 |
_aQA152.3 _b.R63 2001 |
||
| 100 | _aRockswold,Gary | ||
| 245 |
_aCollege Algebra _bthrough modelling and visualization |
||
| 250 | _a2nd ed | ||
| 260 |
_aBoston _bPearson Education,inc./Adison & Wesley _cc2002 |
||
| 300 |
_axix,(various pagings) _bill |
||
| 942 |
_2lcc _cBK |
||
| 999 |
_c252806 _d252805 |
||